000 00396nam a2200157Ia 4500
008 230917s9999||||xx |||||||||||||| ||und||
040 _e169960
_aMAIN
041 _aEnglish
082 _a589.9 B533B(5)
100 _aBirge, Edward A
245 0 _aBacterial and bacteriophage genetics
250 _a5th ed.
260 _aBerlin
_bSpringer-Verlag
_c2006
300 _axix, 577 p.
942 _cBK
999 _c156038
_d156038